00425 2200145 4500001002100000008004100021035002000062245007400082100001900156260003700175300002000212082001400232650002000246990001300266INLIS000000000000047 ind  a0010-0322000047 aPELUKAN YANG HANGAT TOO HOT TO HUG : SERI KASIH SAYANG KELUARGAcIKHA aSTEVE SMALLMAN aJAKARTAbERLANGGA FOR KIDSc2010 a30 hlm.c22 cm. a899.221 3 aFIKSI INDONESIA a102331-1